000
00360nam a2200145Ia 4500
008
100122s9999 xx 000 0 und d
082
_b
69114
_a
181.4
100
_a
पै शिरीष
245
_a
ओशो
260
_b
प्रतीक प्रकाशन
_c
2005
300
_a
120
630
_a
ओशो
730
_a
ओशो
942
_c
BOOK
999
_c
440565
_d
440562